सहकारी बँकिंगची तोंडओळख (Record no. 134184)

MARC details
000 -LEADER
fixed length control field 00602nam a2200181Ia 4500
008 - FIXED-LENGTH DATA ELEMENTS--GENERAL INFORMATION
fixed length control field 090124s9999 xx 000 0 und d
082 ## - DEWEY DECIMAL CLASSIFICATION NUMBER
Item number 20378
Classification number 1142
100 ## - MAIN ENTRY--PERSONAL NAME
Personal name सरडे वि. कृ.
245 ## - TITLE STATEMENT
Title सहकारी बँकिंगची तोंडओळख
250 ## - EDITION STATEMENT
Edition statement 1
260 ## - PUBLICATION, DISTRIBUTION, ETC. (IMPRINT)
Date of publication, distribution, etc 1974
300 ## - PHYSICAL DESCRIPTION
Extent 162
600 ## - SUBJECT ADDED ENTRY--PERSONAL NAME
Personal name सरडे वि. कृ.
630 ## - SUBJECT ADDED ENTRY--UNIFORM TITLE
Uniform title सहकारी बँकिंगची तोंडओळख
700 ## - ADDED ENTRY--PERSONAL NAME
Personal name सरडे वि. कृ.
730 ## - ADDED ENTRY--UNIFORM TITLE
Uniform title सहकारी बँकिंगची तोंडओळख
942 ## - ADDED ENTRY ELEMENTS (KOHA)
Koha item type Book
Holdings
Withdrawn status Lost status Damaged status Not for loan Home library Current library Date acquired Cost, normal purchase price Total Checkouts Full call number Barcode Date last seen Cost, replacement price Price effective from Koha item type
        Marathi Granth Sangrahalaya,Thane Marathi Granth Sangrahalaya,Thane   5.00   20378 THNMGS-20378 01/24/2009 5.00 01/24/2009 Book